| 000 | 00837cam a2200289 a 4500 | ||
|---|---|---|---|
| 999 |
_c43837 _d43837 |
||
| 001 | 4403782 | ||
| 005 | 20181026140121.0 | ||
| 008 | 920521s1984 enk b 000 0 eng | ||
| 010 | _a 92163683 | ||
| 020 | _a0900689390 | ||
| 040 |
_aDLC _cDLC |
||
| 041 | 1 |
_aeng _hheb |
|
| 130 | 0 |
_aZohar. _lEnglish |
|
| 245 | 1 | 4 |
_aThe Zohar / _ctranslated by Harry Sperling, Maurice Simon ; introduction by J. Abelson. |
| 250 | _a2nd ed. | ||
| 260 |
_aLondon ; _bNew York : _bSoncino Press, _cc1984. |
||
| 300 |
_a5 v. ; _c22 cm. |
||
| 336 | _atext | ||
| 337 | _aunmediated | ||
| 338 | _avolume | ||
| 504 | _aIncludes bibliographical references. | ||
| 630 | 0 | 0 |
_aBible. _pPentateuch _xCommentaries. |
| 650 | 0 |
_aCabala _xEarly works to 1800. |
|
| 700 | 1 |
_aSperling, Harry, _d1880- |
|
| 700 | 1 |
_aSimon, Maurice, _d1874- |
|
| 942 |
_2lcc _cBK |
||